Great Literature #33 - Statistics

General Stats
  • This quiz has been taken 108 times
  • The average score is 9 of 20
Answer Stats
Hint Explanation Answer % Correct
J. K. Rowling 2000 Harry Potter and the Goblet of Fire
100%
William Shakespeare c. 1595 A Midsummer Night’s Dream
98%
Lucy Maud Montgomery 1908 Anne of Green Gables
74%
Thomas Mann 1912 Death in Venice
74%
Colleen McCullough 1977 The Thorn Birds
68%
Ivan Goncharov 1859 (Обломов) Oblomov
60%
Ursula K. Le Guin 1968 A Wizard of Earthsea
51%
William Styron 1979 Sophie’s Choice
49%
Sherwood Anderson 1919 Winesburg, Ohio
49%
Denis Diderot 1796 (Jacques le fataliste et son maître) Jacques the Fatalist and His Master
47%
Elena Ferrante 2011 (L'amica geniale) My Brilliant Friend
47%
Shirley Jackson 1959 The Haunting of Hill House
40%
Robert Musil 1906 (Die Verwirrungen des Zöglings Törleß) The Confusions of Young Törless
32%
T. S. Eliot 1920 Gerontion
25%
N. K. Jemisin 2015 The Fifth Season
25%
Mario Vargas Llosa 1981 (La guerra del fin del mundo) The War of the End of the World
23%
Mildred D. Taylor 1976 Roll of Thunder, Hear My Cry
21%
Max Frisch 1954 (Stiller) I’m Not Stiller
19%
Uwe Johnson 1970-1983 (Jahrestage. Aus dem Leben von Gesine Cresspahl) Anniversaries
16%
Annie Dillard 1974 Pilgrim at Tinker Creek
16%
No matching quizzes found
Score Distribution
Percent of People with Each Score
Percentile by Number Answered
Your Score History
You have not taken this quiz